Statistics for Poznate Izjave

Click here to take the quiz!

General Stats

  • This quiz has been taken 114 times
  • The average score is 4 of 10

Answer Stats

HintAnswer% Correct
3 hiljade za gospođuDragan Marković Palma
75%
Jebem vam mater svima počevši od Hansa Holcijusa pa na daljeVojislav Šešelj
67%
Ništa ova 3 govnara najveća ove 2 pičketine od sudija su nas pokrale, eto šta je biloDarko Miličić
55%
Nosim TangeAleksandar Vučić
49%
Mogu sa ponosom da kažem, u narednih 5 godina zasadićemo milion stabalaGoran Vesić
49%
Piši kao što je napisano, čitaj kao što...Aleksandar Vulin
46%
'de bežite?Boško Obradović
34%
Ja sam mala koja čini čudaJovana Jeremić
34%
Suzana...Aleksandar Vučić
16%
Maja Gojković 6Miodrag Sovilj
3%

Score Distribution

Percentile by Number Answered

Percent of People with Each Score

Your Score History

You have not taken this quiz